One-Syllable Fruit and Vegetables - Statistics

General Stats
  • This quiz has been taken 560 times
    236 since last reset
  • The average score is 8 of 20
Answer Stats
Answer % Correct
Pea
92%
Pear
75%
Grape
63%
Bean
61%
Peach
61%
Plum
56%
Lime
52%
Corn
48%
Fig
46%
Kale
44%
Date
38%
Beet
37%
Leek
36%
Squash
32%
Yam
32%
Quince
16%
Thyme
14%
Chive
12%
Sage
12%
Mint
10%
No matching quizzes found
Score Distribution
Percent of People with Each Score
Percentile by Number Answered
Your Score History
You have not taken this quiz since the last reset